000 002380000a22000970004500
100 1 _aGili, Juan
245 1 0 _aThe challenge of south Europe
300 _aVol. 16, Núm 60 (1989), Páginas 17
773 0 _tWorld Evangelization
942 _cANA
999 _c57850
_d57850